Wildflower - Billie Eilish - Full Lyrics - Statistics

General Stats
  • This quiz has been taken 135 times
  • The average score is 243 of 278
Answer Stats
Hint Lyrics % Correct
I
100%
a
99%
the
99%
you
99%
but
98%
do
98%
her
97%
my
97%
time
97%
all
96%
and
96%
know
96%
love
96%
of
96%
in
95%
it
95%
should
95%
was
95%
your
95%
back
92%
be
92%
could
92%
don't
92%
mind
92%
on
92%
see
92%
she
92%
that
92%
who
92%
me
91%
need
91%
to
91%
alive
90%
behind
90%
cryin'
90%
go
90%
hold
90%
july
90%
like
90%
remind
90%
apart
89%
fever
89%
I'm
89%
shoulder
89%
until
89%
burning
88%
did
88%
fall
88%
girl
88%
made
88%
only
88%
Verse 1 things
88%
breaks
87%
closer
87%
cross
87%
heart
87%
line
87%
us
87%
no
86%
out
86%
put
86%
showed
86%
world
86%
fell
85%
shouldn't
82%
so
82%
both
81%
wasn't
81%
let
80%
there
80%
wonder
75%
free
74%
how
74%
Verse 2 well
74%
couldn't
73%
happy
73%
just
73%
sign
73%
didn't
71%
different
71%
from
71%
good
71%
last
71%
more
71%
fast
70%
felt
70%
never
70%
better
69%
day
69%
every
69%
hotel
69%
kept
69%
myself
69%
moves
68%
say
68%
touch
68%
valentine's
68%
hurt
67%
leather
67%
mean
67%
one
67%
ask
66%
I'd
66%
knows
63%
life
63%
now
63%
'cause
62%
baby
59%
eyes
59%
feels
57%
oh
52%
wanna
43%
Hmm
31%
No matching quizzes found
Score Distribution
Percent of People with Each Score
Percentile by Number Answered
Your Score History
You have not taken this quiz